000 01136 a2200229 4500
003 Nust
005 20221007153135.0
010 _a 85018137
020 _a0070303495 (McGraw-Hill)
020 _a0262081598
040 _cNust
082 0 0 _a629.892,BER
100 1 _aHorn, Berthold.
_997867
245 1 0 _aRobot vision /
_cBerthold Klaus Paul Horn.
250 _aMIT Press ed.
260 _aCambridge, Mass. :
_bMIT Press ;
_aNew York :
_bMcGraw-Hill,
_cc1986.
300 _ax, 509 p. :
_bill. ;
_c24 cm.
440 4 _aThe MIT electrical engineering and computer science series
_999493
505 _aIntroduction (Page-1), Image Formation And Image Sensing (Page-18), Binary Images (Page-46), Regions And Image Segmentation (Page-90), Image Processing (Page-103), Edges And Edge Finding (Page-161), Lightness And Color (Page-185). Reflectness Map (Page-202), Motion Field And Optical Flow (Page-278), Photogrammetry And Stereo (Page-299), Pattern Classification (Page-334), Polyhedral Objects (Page-349), Extended Gaussian Images (Page-365), Passive Navigation (Page-400).
650 0 _aRobot vision.
_999231
942 _cREF
_2ddc
999 _c189139
_d189139